000 00777nam a2200253 a 4500
001 4699
003 BD-RjUL
005 20211208233935.0
008 921105s1986 cn 000 0 eng d
020 _a0969235607 (pbk)
020 _a0969235615 (hbk)
035 _a(BD-RjUL)4734
040 _aBD-RjUL
_beng
_cBD-RjUL
041 _aeng
082 _223
_a307.14091724
_b POR 1986
092 _aD0500695015
100 1 _aPoostchi, Iraj.
_9228447
245 1 0 _aRural development and the developing countries :
_ban interdisciplinary introductory approach /
_cIraj Poostchi
260 _aOshawa :
_bAlger,
_cc1986
300 _axiv, 690 p. :
_bill. ;
_c28 cm
650 0 _aRural development
_zDeveloping countries
_9228448
942 _2ddc
_cBK
999 _c4699
_d4699